000 00474nam a2200181Ia 4500
001 17969
005 20260306171556.0
008 260306s9999||||xx |||||||||||||| ||und||
041 _aESP
082 _a658.3
_bR24
100 _aPin, José Ramón
_eAUT
245 0 _aConsistencia:
_bla estrategia de la empresa es al estrategía sobre sus personas
260 _c2007
300 _axvii, 192 páginas :
_c
650 _aGEN
654 _aCAN
942 _cLIB
_dJUS
_fJUS
_2ddc
_n
999 _c17969
_d17969